Historia 2; desde los tiempos modernos hasta el nacimiento de la nación argentina /
Guardado en:
| Autor Principal: | |
|---|---|
| Formato: | Libro |
| Publicado: |
Argentina :
Troquel,
1982
|
| Edición: | 3 |
| Materias: | |
| Etiquetas: |
Agregar Etiqueta
Sin Etiquetas, Sea el primero en etiquetar este registro!
|
| LEADER | 00936nam a22002415a 4500 | ||
|---|---|---|---|
| 001 | CEM.cems003364 | ||
| 005 | 19000101000000.0 | ||
| 008 | 130507s1982##################000#0#####d | ||
| 003 | CEMS | ||
| 082 | 0 | 4 | |a 940.2 |
| 100 | 1 | |a Ibañez, José Cosmelli | |
| 245 | 1 | 0 | |a Historia 2; desde los tiempos modernos hasta el nacimiento de la nación argentina / |c José Cosmelli Ibañez |
| 250 | |a 3 | ||
| 260 | |a Argentina : |b Troquel, |c 1982 | ||
| 300 | |a 609 p. | ||
| 653 | |a Historia | ||
| 653 | |a Historia 2do. año | ||
| 653 | |a Historia moderna y contemporan | ||
| 859 | |a CEMS |b BIB. CEMS - 11 de abril |h 940.2 |i Ib1-2a3/II |p 12482.83 |t Ej.2 | ||
| 859 | |a CEMS |b BIB. CEMS - 11 de abril |h 940.2 |i Ib1-2a3/II |p 12484.83 |t Ej.1 | ||
| 859 | |a CEMS |b BIB. CEMS - 11 de abril |h 940.2 |i Ib1-2a3/II |p 12485.83 |t Ej.4 | ||
| 859 | |a CEMS |b BIB. CEMS - 11 de abril |h 940.2 |i Ib1-2a3/II |p 12486.83 |t Ej.3 | ||
| 859 | |a CEMS |b BIB. CEMS - 11 de abril |h 940.2 |i Ib1-2a3/II |p 17237.93 |t Ej.5 | ||
